Le amicizie particolari /
সংরক্ষণ করুন:
| প্রধান লেখক: | |
|---|---|
| অন্যান্য লেখক: | |
| বিন্যাস: | গ্রন্থ |
| ভাষা: | ইতালিয় |
| প্রকাশিত: |
Torino :
Einaudi,
c1957
|
| ট্যাগগুলো: |
কোনো ট্যাগ নেই, প্রথমজন হিসাবে ট্যাগ করুন!
|
MARC
| LEADER | 00000nam a22000007i 4500 | ||
|---|---|---|---|
| 001 | IT\ICCU\UTO\1299110 | ||
| 003 | ItRI | ||
| 005 | 20250801125923.0 | ||
| 008 | 181031s1957 it |||||| |||||1|||||c | ||
| 040 | |b ita |c ct | ||
| 041 | 7 | |a ita |2 ISO-639-2 | |
| 082 | |a 843.9 |2 21 | ||
| 100 | 1 | |a Peyrefitte, Roger |0 IT\ICCU\CFIV\079761 |4 aut | |
| 240 | 1 | 4 | |a Les amitiés particulières |9 Peyrefitte, Roger |
| 245 | 1 | 3 | |a Le amicizie particolari / |c Roger Peyrefitte ; traduzione di Glauco Natoli. |
| 260 | |a Torino : |b Einaudi, |c c1957 | ||
| 300 | |a 339 p. ; |c 23 cm. | ||
| 700 | 1 | |a Natoli, Glauco |0 IT\ICCU\RAVV\028463 |4 trl | |
| 942 | |2 ddc |c BK | ||
| 952 | |0 0 |1 0 |2 ddc |4 0 |6 B_LNR02PEYROAMI31 |7 0 |9 9081 |a MI |b MI |d 2011-07-20 |i 1049 |l 0 |o B-LNR02-PEYRO-AMI31 |p CDOM1049 |r 2025-07-17 21:50:44 |w 2025-07-17 |x DONO |y BK | ||
| 981 | 1 | |6 z01 |a i |b xxxe | |
| 982 | 1 | |6 z01 |a n | |
| 999 | |c 7567 |d 7567 | ||